000 00905cam a2200241 a 4500
001 000005754
005 20200929151754.0
008 820706s1975 uy a b f001 0 spa
040 _aDO-SdBNP
_cDLC
_dDLC
082 _a255
_bF386e
100 1 _aFerres, Carlos,
_d1876-
_916287
245 1 0 _aÉpoca colonial :
_bla Compañia de Jesús en Montevideo /
_cCarlos Ferres ; prólogo, Juan Villegas.
260 _aMontevideo, Uruguay :
_bMinisterio de Educación y Cultura,
_c1975.
300 _axxv, 344 p. :
_bil. ;
_c20 cm.
490 1 _aBiblioteca Artigas
490 1 _aClásicos uruguayos
_v147.
504 _aIncluye referencias bibliográficas.
610 2 4 _aJESUISTAS
_zURUGUAY
_zMONTEVIDEO
_916288
651 4 _aMontevideo (Uruguay{Rpara}
_916289
700 1 _aVillegas, Juan,
_eprol.
_916290
830 0 _aBiblioteca Artigas.
_pClásicos uruguayos ;
_v147.
_916276
910 _aCatalogación por copia / LC
999 _c5550
_d5550